Revista de Economía Política de Buenos Aires (Registro nro. 8570)
[ vista simple ]
| 000 -LEADER | |
|---|---|
| fixed length control field | 01612nas a2200289 454500 |
| 001 - CONTROL NUMBER | |
| control field | 23982 |
| 005 - DATE AND TIME OF LATEST TRANSACTION | |
| control field | 20260407193506.0 |
| 008 - FIXED-LENGTH DATA ELEMENTS--GENERAL INFORMATION | |
| fixed length control field | 260407s2007####ag###########|||spa#d |
| 003 - CONTROL NUMBER IDENTIFIER | |
| control field | AR-UNSa-BCEJYS |
| 040 ## - CATALOGING SOURCE | |
| Original cataloging agency | AR-UNSa-BCEJYS |
| Language of cataloging | spa |
| Transcribing agency | AR-UNSa-BCEJYS |
| 080 ## - UNIVERSAL DECIMAL CLASSIFICATION NUMBER | |
| Universal Decimal Classification number | 338 |
| Common auxiliary subdivision | Situación económica. Política económica. Gestión de la economía. Planificación de la economía. Producción. Servicios. Precios |
| 022 ## - INTERNATIONAL STANDARD SERIAL NUMBER | |
| International Standard Serial Number | 1850-6933 |
| 100 1# - MAIN ENTRY--PERSONAL NAME | |
| Personal name | Beccaria, Luis A. |
| 245 10 - TITLE STATEMENT | |
| Title | Revista de Economía Política de Buenos Aires |
| 264 #1 - PRODUCTION, PUBLICATION, DISTRIBUTION, MANUFACTURE, AND COPYRIGHT NOTICE | |
| Place of production, publication, distribution, manufacture | Buenos Aires : |
| Name of producer, publisher, distributor, manufacturer | Universidad de Buenos Aires. Facultad de Ciencias Económicas |
| Date of production, publication, distribution, manufacture, or copyright notice | 2007 |
| 310 ## - CURRENT PUBLICATION FREQUENCY | |
| Current publication frequency | Frecuencia: Semestral<br/>Cambia de Director a partir del Año 1, Nº 2 por Andrés López<br/>Cambia de Director a partir del Año 4, Nº 7/8 por Facundo Albornoz Crespo<br/> |
| 520 ## - SUMMARY, ETC. | |
| Summary, etc. | La Revista de Economía Política de Buenos Aires es una publicación académica de la Facultad de Ciencias Económicas de la Universidad de Buenos Aires. Está abierta a contribuciones en todos los campos de la economía y los criterios de acpetación se basan tanto en el pluralismo ideológico y teórico como en el máximo rigor académico. |
| 590 ## - LOCAL NOTE (RLIN) | |
| Local note | niveau_biblio:s niveau_hierar:1 |
| 650 ## - SUBJECT ADDED ENTRY--TOPICAL TERM | |
| Topical term or geographic name entry element | Movimiento de capitales |
| 650 ## - SUBJECT ADDED ENTRY--TOPICAL TERM | |
| Topical term or geographic name entry element | Política monetaria |
| 650 ## - SUBJECT ADDED ENTRY--TOPICAL TERM | |
| Topical term or geographic name entry element | Política económica |
| 650 ## - SUBJECT ADDED ENTRY--TOPICAL TERM | |
| Topical term or geographic name entry element | Macroeconomía |
| 650 ## - SUBJECT ADDED ENTRY--TOPICAL TERM | |
| Topical term or geographic name entry element | ECONOMIA |
| 700 1# - ADDED ENTRY--PERSONAL NAME | |
| Personal name | Universidad de Buenos Aires. Facultad de Ciencias Económicas |
| 856 41 - ELECTRONIC LOCATION AND ACCESS | |
| Uniform Resource Identifier | <a href="https://biblioeco.unsa.edu.ar/pmb/images/revistas/Revista de Econom?a Pol?tica de Buenos Aires.jpg">https://biblioeco.unsa.edu.ar/pmb/images/revistas/Revista de Econom?a Pol?tica de Buenos Aires.jpg</a> |
| Link text | Imagen de portada |
| Electronic format type | image/jpeg |
| 942 ## - ADDED ENTRY ELEMENTS (KOHA) | |
| Koha item type | |
| Withdrawn status | Lost status | Damaged status | Not for loan | Home library | Current library | Shelving location | Date acquired | Serial enumeration / chronology | Total checkouts | Full call number | Barcode | Date last seen | Price effective from | Koha item type |
|---|---|---|---|---|---|---|---|---|---|---|---|---|---|---|
| Biblioteca Prof. Eusebio Cleto del Rey | Biblioteca Prof. Eusebio Cleto del Rey | 01/11/2014 | Año 8, Nº 13 - nov. 2014 | H338 POL a8.v13 | R15701 | 10/04/2026 | 10/04/2026 | Numero | ||||||
| Biblioteca Prof. Eusebio Cleto del Rey | Biblioteca Prof. Eusebio Cleto del Rey | 01/05/2013 | Año 7, Nº 12 - mayo 2013 | H338 POL a7.v12 | R11460 | 10/04/2026 | 10/04/2026 | Numero | ||||||
| Biblioteca Prof. Eusebio Cleto del Rey | Biblioteca Prof. Eusebio Cleto del Rey | 01/05/2012 | Año 6, Nº 11 - mayo 2012 | H338 POL a6.v11 | R11459 | 10/04/2026 | 10/04/2026 | Numero | ||||||
| Biblioteca Prof. Eusebio Cleto del Rey | Biblioteca Prof. Eusebio Cleto del Rey | 01/11/2011 | Año 5, Nº 9/10 - nov. 2011 | H338 POL a5.v9/10 | R11458 | 10/04/2026 | 10/04/2026 | Numero | ||||||
| Biblioteca Prof. Eusebio Cleto del Rey | Biblioteca Prof. Eusebio Cleto del Rey | 01/11/2010 | Año 4, Nº 7/8 - nov. 2010 | H338 POL a4.v7/8 | R11457 | 10/04/2026 | 10/04/2026 | Numero | ||||||
| Biblioteca Prof. Eusebio Cleto del Rey | Biblioteca Prof. Eusebio Cleto del Rey | 01/11/2009 | Año 3, Nº 5/6 - nov. 2009 | H338 POL a3.v5/6 | R11456 | 10/04/2026 | 10/04/2026 | Numero | ||||||
| Biblioteca Prof. Eusebio Cleto del Rey | Biblioteca Prof. Eusebio Cleto del Rey | 01/11/2008 | Año 2, Vol. 3/4 - nov. 2008 | H338 POL a2.v3/4 | R11426 | 10/04/2026 | 10/04/2026 | Numero | ||||||
| Biblioteca Prof. Eusebio Cleto del Rey | Biblioteca Prof. Eusebio Cleto del Rey | 01/11/2007 | Año 1, Nº 2 - nov. 2007 | H338 POL a1.v2 | R11811 | 10/04/2026 | 10/04/2026 | Numero | ||||||
| Biblioteca Prof. Eusebio Cleto del Rey | Biblioteca Prof. Eusebio Cleto del Rey | 01/03/2007 | Año 1, Nº 1 - mar. 2007 | H338 POL a1.v1 | R02078 | 10/04/2026 | 10/04/2026 | Numero |